| 000 | 01590nam2a22002291 4500 | ||
|---|---|---|---|
| 001 | rc\1100581 | ||
| 005 | 20250622192802.0 | ||
| 035 | _a(NLR Aleph) 006380929 | ||
| 090 |
_a5079792 _c5079792 |
||
| 100 | _a20041126d1985 |||y0rusy50 ca | ||
| 101 | 0 | _arus | |
| 102 | _aRU | ||
| 105 | _ay ||||||||| | ||
| 200 | 1 |
_aИнверсии температуры воздуха _e[В 7 кн.] _hКн. 7 _iХарактеристики температуры на нижней границе инверсий _eЧ. 3 |
|
| 210 |
_d1985 _aБ. м. |
||
| 215 |
_a417-514 с. _d20х29 |
||
| 461 | 0 |
_1001rc\1100569 _12001#$aНовый аэроклиматический справочник особых слоев атмосферы над СССР$e[В 3 т.]$fГос. ком. СССР по гидрометеорологии и контролю природ. среды, ВНИИ гидрометеорол. информ. - Мировой центр данных$gПод ред. д. г. н. И.Г. Гутермана и к. ф.-м. н. Ю.В. Вакалюка$vТ. 1 _95079707 _cМ. _d1984- _fГос. ком. СССР по гидрометеорологии и контролю природ. среды, ВНИИ гидрометеорол. информ. - Мировой центр данных _nГидрометеоиздат. Моск. отд-ние _o[В 3 т.] _tНовый аэроклиматический справочник особых слоев атмосферы над СССР _vТ. 1 |
|
| 801 | 0 |
_aRU _bNLR _gpsbo |
|
| 801 | 1 |
_aRU _bELAR _2rusmarc |
|
| 852 |
_aNLR _j84-8/977 |
||
| 942 | _cBOOK | ||
| 980 | _aNB | ||